[Event "III Weekend Scacchi tra le Torri A"]
[Site "Melegnano ITA"]
[Date "2004.02.14"]
[Round "2"]
[White "D'Apa, Matteo"]
[Black "Pace, Roberto"]
[Result "0-1"]
[WhiteElo "1849"]
[BlackElo "2063"]
[PlyCount "110"]
[EventDate "2004.02.13"]

1.d4 Nf6 2.c4 e6 3.Nc3 Bb4 4.a3 Bxc3+ 5.bxc3 d6 6.Bg5 Qe7 7.Nf3 O-O 8.e3 
b6 9.Bd3 Bb7 10.O-O Nc6 11.Nd2 Na5 12.Ne4 Bxe4 13.Bxe4 Rac8 14.Bc2 c5 15.
Qd3 g6 16.d5 exd5 17.cxd5 Qe5 18.Bh6 Rfe8 19.c4 Qe4 20.Qc3 Qe5 21.Qd3 Ng4 
22.Bf4 Qf6 23.Bb3 b5 24.Rfc1 Qb2 25.Bc2 Nxc4 26.Rcb1 Qf6 27.Qd1 Nge5 28.
Rxb5 Rb8 29.a4 a6 30.Rxb8 Rxb8 31.Rb1 Qd8 32.Rxb8 Qxb8 33.Qb1 Qxb1+ 34.
Bxb1 f6 35.e4 Kf7 36.f3 Ke7 37.Kf1 Kd7 38.Ke2 Kc7 39.Bxe5 Nxe5 40.Kd2 Kb6 
41.Kc3 g5 42.Bc2 h5 43.Bd1 h4 44.Be2 Ka5 45.Kb3 Nd7 46.Bd1 Nb6 47.Kc3 
Nxa4+ 48.Bxa4 Kxa4 49.Kc4 Ka5 50.g3 Kb6 51.f4 Kc7 52.e5 gxf4 53.gxf4 fxe5 
54.fxe5 dxe5 55.Kxc5 a5 0-1

[Event "III Weekend Scacchi tra le Torri A"]
[Site "Melegnano ITA"]
[Date "2004.02.14"]
[Round "2"]
[White "Manzoni, Alessandro"]
[Black "Cartella, Giovanni"]
[Result "1/2-1/2"]
[WhiteElo "2045"]
[BlackElo "1812"]
[PlyCount "46"]
[EventDate "2004.02.13"]

1.e4 c5 2.Nc3 Nc6 3.g3 d6 4.Bg2 Nf6 5.Nge2 Bg4 6.h3 Bd7 7.O-O Qc8 8.Kh2 e5
9.d3 h5 10.f4 Be7 11.f5 a6 12.Be3 Nd4 13.Qd2 Qc6 14.a3 Qc7 15.Rac1 b5 16.
b4 Nxe2 17.Nxe2 cxb4 18.axb4 d5 19.c4 dxc4 20.dxc4 Qb7 21.cxb5 Bxb5 22.
Rfe1 O-O 23.Qc3 h4 1/2-1/2

[Event "III Weekend Scacchi tra le Torri A"]
[Site "Melegnano ITA"]
[Date "2004.02.14"]
[Round "2"]
[White "Martino, Antonio M."]
[Black "De Santis, Alessio"]
[Result "1/2-1/2"]
[WhiteElo "1968"]
[BlackElo "2283"]
[PlyCount "118"]
[EventDate "2004.02.13"]

1.c4 f5 2.Nc3 Nf6 3.g3 g6 4.Bg2 Bg7 5.d3 d6 6.e4 c6 7.Nge2 Na6 8.O-O h5 9.
Bg5 Nh7 10.Be3 h4 11.Nf4 Nf8 12.exf5 Bxf5 13.g4 h3 14.Nxh3 Bd7 15.Ng5 Qc7 
16.Qf3 Be5 17.h3 Be6 18.d4 Bg7 19.d5 cxd5 20.cxd5 Bg8 21.Nb5 Qd7 22.Nd4 
Nc7 23.Nge6 Nfxe6 24.dxe6 Nxe6 25.Qxb7 Qxb7 26.Bxb7 Rb8 27.Bc6+ Kf8 28.
Nxe6+ Bxe6 29.Bxa7 Rxb2 30.Bg2 Rxa2 31.Rxa2 Bxa2 32.Rd1 Kf7 33.Bd4 e5 34.
Be3 Ke6 35.f4 exf4 36.Bxf4 Be5 37.Bxe5 Kxe5 38.Kf2 d5 39.Re1+ Kd6 40.Ra1 
Bc4 41.Ke3 g5 42.Rb1 Kc5 43.Rb7 Re8+ 44.Kf2 Re2+ 45.Kg3 Re3+ 46.Kf2 d4 47.
Rg7 Re2+ 48.Kg3 Re5 49.Rc7+ Kb4 50.Bf3 Bd5 51.Bxd5 Rxd5 52.Kf2 Rc5 53.Rf7 
Kc4 54.Ke2 Rb5 55.Rc7+ Kd5 56.Rg7 Ke4 57.Re7+ Re5 58.Rd7 Rc5 59.Re7+ Kf4 
1/2-1/2

[Event "III Weekend Scacchi tra le Torri A"]
[Site "Melegnano ITA"]
[Date "2004.02.14"]
[Round "2"]
[White "Miladinovic, Igor"]
[Black "Salami, Marco"]
[Result "1-0"]
[WhiteElo "2602"]
[BlackElo "2172"]
[PlyCount "57"]
[EventDate "2004.02.13"]

1.d4 f5 2.h3 Nf6 3.g4 fxg4 4.hxg4 Nxg4 5.Qd3 g6 6.Rxh7 Rxh7 7.Qxg6+ Rf7 8.
Qxg4 e6 9.Bg5 Be7 10.Nf3 Nc6 11.Qh5 Bf6 12.Nc3 d5 13.O-O-O Bxg5+ 14.Nxg5 
Qf6 15.Nb5 Kf8 16.Qxf7+ Qxf7 17.Nxf7 Kxf7 18.Nxc7 Rb8 19.Nb5 Bd7 20.e3 Rh8
21.Nd6+ Ke7 22.Nxb7 Rh2 23.Nc5 Rxf2 24.Nxd7 Kxd7 25.Bb5 Kd6 26.Bxc6 Kxc6 
27.a4 Kb6 28.b4 Re2 29.Rd3 1-0

[Event "III Weekend Scacchi tra le Torri A"]
[Site "Melegnano ITA"]
[Date "2004.02.14"]
[Round "2"]
[White "Montani, Francesco"]
[Black "Dassisti, Alberto"]
[Result "1-0"]
[WhiteElo "2201"]
[BlackElo "1783"]
[PlyCount "109"]
[EventDate "2004.02.13"]

1.d4 d5 2.c4 c6 3.Nf3 Nf6 4.Qc2 Bg4 5.Ne5 Nbd7 6.Nxg4 Nxg4 7.Bf4 e6 8.e3 
Ngf6 9.h3 dxc4 10.Bxc4 Nd5 11.Bg3 N7f6 12.Nd2 Bd6 13.Bxd6 Qxd6 14.e4 Nb4 
15.Qc3 a5 16.a3 Nxe4 17.Nxe4 Qxd4 18.O-O Qxc3 19.bxc3 Nd5 20.Nd6+ Ke7 21.
Nxb7 Nxc3 22.Rfc1 Nd5 23.Bd3 Rhb8 24.Rab1 Ra7 25.Nc5 Rxb1 26.Rxb1 a4 27.
Bc2 Nc3 28.Rb4 Nb5 29.Rxa4 Rxa4 30.Bxa4 Nxa3 31.Kf1 h6 32.Ke2 Kd6 33.Nb7+ 
Kc7 34.Na5 c5 35.Kd3 Kb6 36.Nc4+ Nxc4 37.Kxc4 f6 38.Bd7 e5 39.Bf5 Kc7 40.
Kxc5 Kd8 41.Kc6 Ke8 42.Kd6 Kf8 43.Bg6 Kg8 44.Ke7 h5 45.h4 Kh8 46.Kf8 e4 
47.Bxe4 f5 48.Bxf5 g6 49.Be4 Kh7 50.Kf7 Kh6 51.f4 Kh7 52.Bxg6+ Kh6 53.Bxh5
Kxh5 54.f5 Kxh4 55.f6 1-0

[Event "III Weekend Scacchi tra le Torri A"]
[Site "Melegnano ITA"]
[Date "2004.02.14"]
[Round "2"]
[White "Mrdja, Milan"]
[Black "Murgia, Andrea"]
[Result "1-0"]
[WhiteElo "2413"]
[BlackElo "2138"]
[PlyCount "59"]
[EventDate "2004.02.13"]

1.e4 e5 2.Bc4 Nc6 3.Nf3 Nf6 4.d3 Be7 5.O-O O-O 6.Re1 d6 7.c3 Na5 8.Bb5 a6 
9.Ba4 b5 10.Bc2 c5 11.Nbd2 Qc7 12.Nf1 h6 13.Ng3 Re8 14.Nh4 g6 15.h3 Nh5 
16.Nxg6 fxg6 17.Nxh5 Be6 18.Ng3 Kg7 19.Be3 Bh4 20.Qd2 Rh8 21.Rf1 Raf8 22.
Ne2 Qd7 23.Kh2 Nc6 24.d4 cxd4 25.cxd4 exd4 26.Nxd4 Ne5 27.Nxe6+ Qxe6 28.
Bb3 Qe7 29.f4 Nd7 30.Bd5 1-0

[Event "III Weekend Scacchi tra le Torri A"]
[Site "Melegnano ITA"]
[Date "2004.02.14"]
[Round "2"]
[White "Nardone, Massimo"]
[Black "Bonade', Massimo"]
[Result "0-1"]
[WhiteElo "1752"]
[BlackElo "2044"]
[PlyCount "100"]
[EventDate "2004.02.13"]

1.c4 c5 2.Nf3 Nf6 3.g3 d5 4.cxd5 Nxd5 5.Nc3 Nxc3 6.bxc3 g6 7.Bg2 Bg7 8.O-O
O-O 9.Rb1 Nc6 10.c4 e5 11.d3 Qc7 12.Be3 b6 13.Qd2 Rd8 14.Bh6 Bh8 15.Ng5 
Bb7 16.Bd5 Rd7 17.Ne4 Nd8 18.Bxb7 Nxb7 19.Qg5 Qc6 20.Nc3 f6 21.Qe3 Nd6 22.
h4 Nf5 23.Qc1 Rad8 24.Nd5 b5 25.e4 Nd4 26.cxb5 Qxd5 27.exd5 Ne2+ 28.Kg2 
Nxc1 29.Rfxc1 Rxd5 30.Rb3 Bg7 31.Bxg7 Kxg7 32.a4 Kf7 33.Rbc3 Rc8 34.Kf3 
Ke6 35.Ke3 Kd6 36.Rc4 f5 37.Rb1 Rb8 38.Ke2 h6 39.Ke3 Rd4 40.Rbc1 Rc8 41.
Rb1 Kd5 42.Rbc1 f4+ 43.gxf4 exf4+ 44.Kd2 g5 45.hxg5 hxg5 46.Rxd4+ Kxd4 47.
Rc4+ Kd5 48.f3 Rh8 49.Re4 Rh2+ 50.Kd1 Rf2 0-1

[Event "III Weekend Scacchi tra le Torri A"]
[Site "Melegnano ITA"]
[Date "2004.02.14"]
[Round "2"]
[White "Nieus, Thierry"]
[Black "Dallaglio, Giovanni"]
[Result "1-0"]
[WhiteElo "2252"]
[BlackElo "2023"]
[PlyCount "75"]
[EventDate "2004.02.13"]

1.e4 c6 2.d4 d5 3.e5 Bf5 4.h4 h5 5.c4 dxc4 6.Bxc4 e6 7.Nc3 Nd7 8.Bg5 Be7 
9.Nf3 Nb6 10.Bb3 Qd7 11.Qd2 O-O-O 12.Be3 Kb8 13.a4 Bb4 14.a5 Nd5 15.a6 b6 
16.O-O Nge7 17.Rfc1 f6 18.Qe2 Bg4 19.Na2 Bxf3 20.Qxf3 fxe5 21.dxe5 Rhf8 
22.Qe4 Ba5 23.Bg5 Rc8 24.Bd1 b5 25.Bxh5 Bb6 26.Bf3 Rf5 27.Nb4 Nxb4 28.Qxb4
Nd5 29.Qd6+ Qxd6 30.exd6 Nf6 31.Rc2 Bd4 32.Rd1 e5 33.Bxf6 Rxf6 34.d7 Rd8 
35.Bxc6 Bxf2+ 36.Kh1 Bxh4 37.Bb7 Rff8 38.Rdc1 1-0

[Event "III Weekend Scacchi tra le Torri A"]
[Site "Melegnano ITA"]
[Date "2004.02.14"]
[Round "2"]
[White "Reduzzi, Maurizio"]
[Black "Molina, Fabrizio"]
[Result "0-1"]
[WhiteElo "1833"]
[BlackElo "2243"]
[PlyCount "28"]
[EventDate "2004.02.13"]

1.d4 d5 2.Nf3 e6 3.c4 c5 4.Nc3 Nc6 5.cxd5 exd5 6.g3 c4 7.Bf4 Bb4 8.a3 Ba5 
9.Bg2 Nge7 10.O-O O-O 11.Ne5 Bxc3 12.bxc3 Na5 13.f3 h5 14.Qc2 Qe8 0-1

[Event "III Weekend Scacchi tra le Torri A"]
[Site "Melegnano ITA"]
[Date "2004.02.14"]
[Round "2"]
[White "Rosin, Federico"]
[Black "Lazic, Miroljub"]
[Result "0-1"]
[WhiteElo "2137"]
[BlackElo "2477"]
[PlyCount "93"]
[EventDate "2004.02.13"]

1.e4 d6 2.d4 Nf6 3.Nc3 c6 4.f4 Qa5 5.Bd3 d5 6.exd5 cxd5 7.Nf3 Nc6 8.h3 g6 
9.O-O Bf5 10.Ne2 e6 11.c3 Bg7 12.Ne5 Bxd3 13.Qxd3 Ne7 14.Be3 h5 15.g3 Nf5 
16.Kg2 Ne4 17.Bf2 Nfd6 18.Rfc1 Rc8 19.a3 Qa4 20.Rab1 Qb3 21.Qd1 Qxd1 22.
Rxd1 g5 23.fxg5 Nxg5 24.Nf4 Nge4 25.Re1 Ke7 26.Re2 Rcg8 27.Kh2 Bf6 28.Rf1 
Bg5 29.Be1 Nf5 30.Rf3 Bxf4 31.gxf4 f6 32.Nd3 b5 33.Nb4 Rg7 34.Rg2 Rhg8 35.
Rxg7+ Rxg7 36.Nd3 a5 37.Kh1 a4 38.Kh2 Kd7 39.Nb4 Nfd6 40.Re3 Nc4 41.Re2 
Ned6 42.Bh4 Rg6 43.Be1 Nf5 44.Bf2 Ncd6 45.Be1 Ne4 46.Nd3 Kc6 47.Nc5 0-1

[Event "III Weekend Scacchi tra le Torri A"]
[Site "Melegnano ITA"]
[Date "2004.02.14"]
[Round "2"]
[White "Scuderi, David"]
[Black "Lanzani, Giuliano"]
[Result "0-1"]
[WhiteElo "1831"]
[BlackElo "2067"]
[PlyCount "46"]
[EventDate "2004.02.13"]

1.e4 e5 2.Nf3 Nc6 3.Bb5 Qf6 4.O-O Bc5 5.Nc3 Nge7 6.d3 h6 7.a3 d6 8.Nd5 
Nxd5 9.exd5 a6 10.Bxc6+ bxc6 11.dxc6 Be6 12.b4 e4 13.dxe4 Bxf2+ 14.Kxf2 
Qxa1 15.Qd3 O-O 16.Bxh6 Qa2 17.Qd2 gxh6 18.Qxh6 Qxc2+ 19.Ke3 Qc3+ 20.Kf4 
Qg7 21.Qh4 f5 22.Ng5 fxe4+ 23.Kxe4 Rxf1 0-1

[Event "III Weekend Scacchi tra le Torri A"]
[Site "Melegnano ITA"]
[Date "2004.02.14"]
[Round "2"]
[White "Suprani, Alessandro"]
[Black "D'Apa, Stefano"]
[Result "0-1"]
[WhiteElo "1902"]
[BlackElo "2175"]
[PlyCount "115"]
[EventDate "2004.02.13"]

1.Nf3 d5 2.c4 c6 3.b3 Nf6 4.Bb2 e6 5.g3 Nbd7 6.Bg2 Be7 7.O-O O-O 8.d4 Ne4 
9.Nc3 Ndf6 10.Ne5 Nxc3 11.Bxc3 Ne4 12.Bb2 Bd7 13.Qc2 f5 14.f3 Nd6 15.Ba3 
Be8 16.Bxd6 Bxd6 17.f4 Rc8 18.c5 Bxe5 19.dxe5 Rc7 20.Rfd1 g5 21.e3 gxf4 
22.exf4 Rg7 23.Bf3 h5 24.Kf2 h4 25.Rg1 hxg3+ 26.hxg3 Bg6 27.Rh1 Rff7 28.
Rh6 Rd7 29.Rah1 Qa5 30.Be2 Qb4 31.Rh8+ Kf7 32.Ra8 Qd4+ 33.Kg2 a6 34.Rb8 
Ke7 35.a3 Bf7 36.Rh4 Qe3 37.Bf3 d4 38.Qe2 Qxb3 39.Qf2 Qxa3 40.Bh5 Qxc5 41.
Bxf7 Kxf7 42.Rh6 Qb5 43.Rf6+ Ke7 44.Rff8 Rd5 45.Rbc8 c5 46.Qa2 Qd3 47.
Rce8+ Kd7 48.Rd8+ Kc7 49.Qa5+ b6 50.Rc8+ Kd7 51.Rcd8+ Kc6 52.Qa4+ Qb5 53.
Rc8+ Rc7 54.Qd1 Qb2+ 55.Kg1 Rd7 56.Rxc7+ Kxc7 57.Qf3 Qb1+ 58.Kg2 0-1

[Event "III Weekend Scacchi tra le Torri A"]
[Site "Melegnano ITA"]
[Date "2004.02.14"]
[Round "3"]
[White "Bonade', Massimo"]
[Black "Pelizzola, Danilo"]
[Result "1/2-1/2"]
[WhiteElo "2044"]
[BlackElo "2125"]
[PlyCount "91"]
[EventDate "2004.02.13"]

1.d4 Nf6 2.c4 e6 3.Nc3 d5 4.Bg5 Nbd7 5.e3 Be7 6.Nf3 O-O 7.Rc1 c6 8.Qc2 Re8
9.cxd5 exd5 10.Bd3 h6 11.Bh4 b6 12.O-O Bb7 13.Rfe1 c5 14.Ne5 Nxe5 15.dxe5 
Nd7 16.Bxe7 Rxe7 17.f4 f6 18.exf6 Nxf6 19.Rcd1 Qe8 20.Bb5 Bc6 21.Bxc6 Qxc6
22.Qb3 c4 23.Qc2 Rae8 24.Qd2 Kf8 25.h3 a6 26.Nxd5 Nxd5 27.Qxd5 Qxd5 28.
Rxd5 Rxe3 29.Rxe3 Rxe3 30.Rd6 Re1+ 31.Kf2 Ra1 32.Rxb6 Rxa2 33.Kf3 a5 34.g4
a4 35.Rb4 a3 36.bxa3 Rxa3+ 37.Ke4 c3 38.Rc4 c2 39.Rxc2 Rxh3 40.Kf5 Re3 41.
Rc8+ Kf7 42.Rc7+ Kf8 43.Rc5 Kf7 44.Rc7+ Re7 45.Rxe7+ Kxe7 46.Kg6 1/2-1/2

[Event "III Weekend Scacchi tra le Torri A"]
[Site "Melegnano ITA"]
[Date "2004.02.14"]
[Round "3"]
[White "Cardini, Saverio"]
[Black "Nardone, Massimo"]
[Result "1-0"]
[WhiteElo "1896"]
[BlackElo "1752"]
[PlyCount "67"]
[EventDate "2004.02.13"]

1.d4 f5 2.Nf3 Nf6 3.Bf4 e6 4.e3 Nc6 5.c3 Be7 6.Bd3 O-O 7.O-O Nh5 8.Ne5 
Nxf4 9.exf4 Nxe5 10.fxe5 b6 11.Be2 Bb7 12.Bf3 Bxf3 13.Qxf3 Qe8 14.Nd2 g5 
15.Rad1 g4 16.Qd3 Bg5 17.f4 Be7 18.Nc4 c6 19.Ne3 b5 20.b3 Qf7 21.c4 a6 22.
Rf2 Rfc8 23.Rc2 Qe8 24.Kh1 h5 25.Qe2 Kf7 26.Rcd2 Qd8 27.d5 Qb6 28.Nxf5 
exf5 29.e6+ Ke8 30.exd7+ Kxd7 31.Qe6+ Kd8 32.dxc6+ Kc7 33.Rd7+ Kb8 34.Rb7+
1-0

[Event "III Weekend Scacchi tra le Torri A"]
[Site "Melegnano ITA"]
[Date "2004.02.14"]
[Round "3"]
[White "D'Apa, Stefano"]
[Black "Bellotto, Stefano"]
[Result "0-1"]
[WhiteElo "2175"]
[BlackElo "1803"]
[PlyCount "82"]
[EventDate "2004.02.13"]

1.e4 d6 2.d4 Nf6 3.Bd3 c6 4.f4 Bg4 5.Nf3 Nbd7 6.O-O e5 7.c3 Be7 8.h3 Bxf3 
9.Qxf3 Qb6 10.Nd2 O-O-O 11.Nc4 Qc7 12.Be3 h5 13.Rfd1 b5 14.Nxd6+ Bxd6 15.
dxe5 Nxe5 16.fxe5 Bxe5 17.a4 b4 18.cxb4 Bxb2 19.Ra2 Be5 20.Rc2 Kb8 21.b5 
Rd6 22.Bc5 Bd4+ 23.Bxd4 Rxd4 24.bxc6 Rhd8 25.Rb1+ Ka8 26.Rb7 Qe5 27.Qf2 
Rxa4 28.c7 Ra1+ 29.Bf1 Rc8 30.Rcb2 Nd7 31.Qxf7 Qd4+ 32.Qf2 Rxf1+ 33.Kxf1 
Qd1+ 34.Qe1 Rf8+ 35.Rf2 Rxf2+ 36.Kxf2 Qxe1+ 37.Kxe1 Kxb7 38.Kf2 Kxc7 39.
Ke3 Kd6 40.g4 hxg4 41.hxg4 Ke5 0-1

[Event "III Weekend Scacchi tra le Torri A"]
[Site "Melegnano ITA"]
[Date "2004.02.14"]
[Round "3"]
[White "Dallaglio, Giovanni"]
[Black "Cartella, Giovanni"]
[Result "1/2-1/2"]
[WhiteElo "2023"]
[BlackElo "1812"]
[PlyCount "42"]
[EventDate "2004.02.13"]

1.d4 Nf6 2.Nf3 d5 3.c4 e6 4.Nc3 c6 5.e3 Nbd7 6.Qc2 Bd6 7.Be2 h6 8.b3 O-O 
9.O-O dxc4 10.bxc4 e5 11.Rb1 Re8 12.a4 a5 13.Nd2 Bb4 14.Bf3 Nb6 15.Bb2 
exd4 16.exd4 Be6 17.c5 Nbd5 18.Nde4 Nxe4 19.Nxe4 Bf5 20.Rfe1 Bxe1 21.Rxe1 
Bg6 1/2-1/2

[Event "III Weekend Scacchi tra le Torri A"]
[Site "Melegnano ITA"]
[Date "2004.02.14"]
[Round "3"]
[White "Dassisti, Alberto"]
[Black "Manzoni, Alessandro"]
[Result "1-0"]
[WhiteElo "1783"]
[BlackElo "2045"]
[PlyCount "85"]
[EventDate "2004.02.13"]

1.e4 d6 2.Nc3 Nf6 3.d3 e5 4.Bd2 Nc6 5.Nce2 g6 6.Bg5 h6 7.Bd2 Bg7 8.Qc1 b6 
9.Ng3 Bb7 10.h4 Ne7 11.h5 g5 12.Nf3 Nh7 13.Be2 Qd7 14.Nh2 Nf6 15.f3 O-O-O 
16.Nhf1 Rhe8 17.Ne3 Nc6 18.Ngf5 Bf8 19.g4 d5 20.a3 Nd4 21.Nxd4 exd4 22.Nf5
dxe4 23.dxe4 Nxe4 24.fxe4 Bxe4 25.O-O Bxf5 26.Ba6+ Kb8 27.Rxf5 Re4 28.Qd1 
Bd6 29.Qf3 Rde8 30.Bd3 R4e7 31.Bb5 c6 32.Bxc6 Qc7 33.Bxe8 Qxc2 34.Rxf7 
Qxb2 35.Rxe7 Qxa1+ 36.Re1 Qb2 37.Qe2 Qb3 38.Qg2 Bg3 39.Rc1 Bf4 40.Bxf4+ 
gxf4 41.Qf2 f3 42.Qg3+ Kb7 43.Qc7+ 1-0

[Event "III Weekend Scacchi tra le Torri A"]
[Site "Melegnano ITA"]
[Date "2004.02.14"]
[Round "3"]
[White "De Santis, Alessio"]
[Black "Reduzzi, Maurizio"]
[Result "1/2-1/2"]
[WhiteElo "2283"]
[BlackElo "1833"]
[PlyCount "71"]
[EventDate "2004.02.13"]

1.d4 d5 2.c4 e6 3.Nc3 Nf6 4.cxd5 exd5 5.Bg5 Be7 6.e3 c6 7.Qc2 Nbd7 8.Bd3 
O-O 9.Nge2 Re8 10.O-O Nf8 11.f3 Ng6 12.h3 c5 13.Rad1 Be6 14.Kh1 Rc8 15.
Bxg6 hxg6 16.e4 dxe4 17.Bxf6 Bxf6 18.d5 Bd7 19.Nxe4 Bf5 20.Nxf6+ Qxf6 21.
Qd2 c4 22.Nc3 Bd3 23.Rfe1 a6 24.Ne4 Bxe4 25.Rxe4 Qd6 26.Qe2 Rxe4 27.fxe4 
Qe5 28.d6 Rd8 29.d7 Qe6 30.Qd2 b5 31.Qd4 f6 32.a3 Kf7 33.Kg1 Ke7 34.Qc5+ 
Kf7 35.Qc7 Ke7 36.Qc5+ 1/2-1/2

[Event "III Weekend Scacchi tra le Torri A"]
[Site "Melegnano ITA"]
[Date "2004.02.14"]
[Round "3"]
[White "Laketic, Gojko"]
[Black "Miladinovic, Igor"]
[Result "0-1"]
[WhiteElo "2407"]
[BlackElo "2602"]
[PlyCount "68"]
[EventDate "2004.02.13"]

1.Nf3 d5 2.c4 d4 3.e4 Nc6 4.d3 e5 5.g3 Bb4+ 6.Nbd2 a5 7.Bg2 Nf6 8.O-O Nd7 
9.Nh4 g6 10.Ndf3 O-O 11.a3 Be7 12.Bh6 Re8 13.b3 Ra6 14.Qd2 Bd6 15.Ra2 Qe7 
16.Rfa1 Rb6 17.Qd1 Nc5 18.Rb1 f6 19.Ne1 Be6 20.f4 exf4 21.gxf4 Bf7 22.Bf1 
Ne6 23.Qg4 Kh8 24.Rg2 Bxa3 25.f5 Ne5 26.Nxg6+ Bxg6 27.Qd1 Rg8 28.fxg6 Nxg6
29.Nf3 Bd6 30.Ra1 Bf4 31.Bxf4 Nexf4 32.Rg4 Qb4 33.Kh1 c5 34.Nh4 Qc3 0-1

[Event "III Weekend Scacchi tra le Torri A"]
[Site "Melegnano ITA"]
[Date "2004.02.14"]
[Round "3"]
[White "Lanzani, Giuliano"]
[Black "Rosin, Federico"]
[Result "1/2-1/2"]
[WhiteElo "2067"]
[BlackElo "2137"]
[PlyCount "34"]
[EventDate "2004.02.13"]

1.e4 c5 2.Nc3 e6 3.g3 d5 4.Bg2 Nf6 5.exd5 exd5 6.Qe2+ Be7 7.Nf3 O-O 8.O-O 
d4 9.Ne4 Nxe4 10.Qxe4 Nd7 11.b4 Nf6 12.Qd3 cxb4 13.Nxd4 Qb6 14.Bb2 Rd8 15.
Qe2 Bc5 16.Nb3 Re8 17.Qc4 Be7 1/2-1/2

[Event "III Weekend Scacchi tra le Torri A"]
[Site "Melegnano ITA"]
[Date "2004.02.14"]
[Round "3"]
[White "Lazic, Miroljub"]
[Black "Aranovitch, Emiliano"]
[Result "1-0"]
[WhiteElo "2477"]
[BlackElo "2300"]
[PlyCount "80"]
[EventDate "2004.02.13"]

1.e4 c5 2.Nc3 e6 3.f4 Nc6 4.Nf3 Nge7 5.g3 d5 6.d3 b6 7.Bg2 dxe4 8.Nxe4 Bb7
9.Qe2 Nf5 10.c3 Be7 11.O-O O-O 12.Bd2 Qc7 13.Be1 Rad8 14.g4 Nd6 15.Bg3 
Nxe4 16.dxe4 Qc8 17.Rf2 Ba6 18.Qe1 Bd3 19.h3 Rfe8 20.Kh2 Bf8 21.g5 b5 22.
Qe3 b4 23.Rd2 Qa6 24.cxb4 cxb4 25.b3 Bb5 26.Rad1 Rxd2 27.Rxd2 Rd8 28.f5 
exf5 29.exf5 Qc8 30.Nh4 Rxd2 31.Qxd2 Qe8 32.Bd5 Kh8 33.Qg2 Qd7 34.g6 fxg6 
35.fxg6 Bd6 36.Be4 Qe6 37.Nf5 Bxg3+ 38.Nxg3 Qd6 39.gxh7 Ne5 40.Qf2 a6 1-0

[Event "III Weekend Scacchi tra le Torri A"]
[Site "Melegnano ITA"]
[Date "2004.02.14"]
[Round "3"]
[White "Molina, Fabrizio"]
[Black "Mrdja, Milan"]
[Result "1/2-1/2"]
[WhiteElo "2243"]
[BlackElo "2413"]
[PlyCount "61"]
[EventDate "2004.02.13"]

1.c4 g6 2.g3 Bg7 3.Bg2 e5 4.Nc3 Ne7 5.d3 c6 6.e4 Na6 7.Nge2 Nc7 8.d4 d6 9.
O-O Bg4 10.Be3 O-O 11.Qd2 Bxe2 12.Nxe2 exd4 13.Bxd4 Bxd4 14.Qxd4 c5 15.Qd2
Nc6 16.Rfd1 Ne6 17.Qxd6 Ned4 18.Qxd8 Nxe2+ 19.Kf1 Nxg3+ 20.hxg3 Raxd8 21.
Rd5 Nb4 22.Rxc5 Rd2 23.Rb5 Rxb2 24.Rd1 a6 25.Rxb7 Nd3 26.Rxb2 Nxb2 27.Rd6 
Nxc4 28.Rxa6 Rb8 29.Bf3 Rb2 30.Ra4 Nb6 31.Ra7 1/2-1/2

[Event "III Weekend Scacchi tra le Torri A"]
[Site "Melegnano ITA"]
[Date "2004.02.14"]
[Round "3"]
[White "Montani, Francesco"]
[Black "Nieus, Thierry"]
[Result "1-0"]
[WhiteElo "2201"]
[BlackElo "2252"]
[PlyCount "73"]
[EventDate "2004.02.13"]

1.d4 Nf6 2.c4 c5 3.d5 b5 4.cxb5 a6 5.b6 Qxb6 6.Nc3 d6 7.e4 g6 8.Be2 Bg7 9.
Nf3 O-O 10.O-O Nbd7 11.a4 a5 12.h3 Ne8 13.Nd2 Ba6 14.Bb5 Qc7 15.Nc4 Ne5 
16.Na3 Bxb5 17.axb5 c4 18.Be3 Nd3 19.Qe2 f5 20.exf5 gxf5 21.f4 Nf6 22.Bd4 
Ng4 23.Bxg7 Qc5+ 24.Kh1 Ndf2+ 25.Rxf2 Nxf2+ 26.Kh2 Kxg7 27.Nxc4 Rf7 28.b6 
Rg8 29.Rf1 Ne4 30.Nxe4 fxe4 31.Qxe4 Kh8 32.Rf3 Rfg7 33.g4 a4 34.Kg2 h5 35.
g5 h4 36.Ne3 Qxb6 37.Rf2 1-0

[Event "III Weekend Scacchi tra le Torri A"]
[Site "Melegnano ITA"]
[Date "2004.02.14"]
[Round "3"]
[White "Murgia, Andrea"]
[Black "Mazzariol, Oscar"]
[Result "1-0"]
[WhiteElo "2138"]
[BlackElo "2077"]
[PlyCount "73"]
[EventDate "2004.02.13"]

1.e4 g6 2.d4 Bg7 3.c3 d5 4.exd5 Qxd5 5.Nf3 Bg4 6.Nbd2 c6 7.Bc4 Qf5 8.Qb3 
b5 9.Be2 Qe6 10.Qxe6 Bxe6 11.a4 bxa4 12.Rxa4 Nd7 13.O-O Nb6 14.Ra5 Nf6 15.
Ne5 Bd7 16.Bf3 Nfd5 17.c4 Nb4 18.Nxd7 Kxd7 19.d5 cxd5 20.c5 Nc8 21.Nb3 e6 
22.Rb5 Nc6 23.Rb7+ Ke8 24.Bf4 Be5 25.Bxe5 Nxe5 26.Bxd5 Ne7 27.f4 Nd3 28.
Be4 Nxb2 29.Na5 Na4 30.Rb4 Rc8 31.Rxa4 Rxc5 32.Nb7 Rc7 33.Rxa7 Kf8 34.Ra8+
Kg7 35.Rxh8 Kxh8 36.Nd6 Kg7 37.Ne8+ 1-0

[Event "III Weekend Scacchi tra le Torri A"]
[Site "Melegnano ITA"]
[Date "2004.02.14"]
[Round "3"]
[White "Pace, Roberto"]
[Black "Barberi, Alessandro"]
[Result "0-1"]
[WhiteElo "2063"]
[BlackElo "2142"]
[PlyCount "116"]
[EventDate "2004.02.13"]

1.e4 c5 2.Nf3 d6 3.d4 cxd4 4.Nxd4 Nf6 5.Nc3 g6 6.Be3 Bg7 7.Be2 O-O 8.Qd2 
Nc6 9.Nb3 Re8 10.O-O-O Be6 11.f3 Na5 12.e5 Nxb3+ 13.axb3 dxe5 14.Qxd8 
Raxd8 15.Rxd8 Rxd8 16.Bxa7 Ra8 17.Bc5 Bh6+ 18.Kb1 Kf8 19.Rd1 Nd7 20.Bb4 
Rc8 21.Nd5 Bg5 22.g3 Bf5 23.Bd3 Bxd3 24.Rxd3 Ke8 25.h4 Bf6 26.Nxf6+ Nxf6 
27.c4 Nh5 28.Be1 Ng7 29.Bc3 f6 30.Be1 Ne6 31.Bf2 Rc6 32.Kc2 Rd6 33.Kc3 Kd7
34.b4 g5 35.Be3 gxh4 36.gxh4 h5 37.b5 Nf8 38.Bf2 Ng6 39.Bg3 Nf8 40.Bf2 Ne6
41.c5 Rxd3+ 42.Kxd3 Nf4+ 43.Kc4 e6 44.b4 Nh3 45.Be3 f5 46.Kd3 Kc7 47.Ke2 
Kd7 48.Kf1 Kc7 49.Bh6 Nf4 50.Bxf4 exf4 51.Ke2 e5 52.Kd3 Kd7 53.Ke2 e4 54.
Kd2 Ke6 55.fxe4 fxe4 56.Kc3 f3 57.Kd2 f2 58.Ke2 e3 0-1

[Event "III Weekend Scacchi tra le Torri A"]
[Site "Melegnano ITA"]
[Date "2004.02.14"]
[Round "3"]
[White "Rossi, Giampiero"]
[Black "Scuderi, David"]
[Result "1-0"]
[WhiteElo "2048"]
[BlackElo "1831"]
[PlyCount "107"]
[EventDate "2004.02.13"]

1.d4 Nf6 2.c4 c5 3.dxc5 Qa5+ 4.Nc3 Qxc5 5.e4 e5 6.Be3 Qa5 7.f3 Bc5 8.Qd2 
Qb6 9.Bxc5 Qxc5 10.Rc1 O-O 11.Nge2 Nc6 12.b3 a6 13.Ng3 Nd4 14.Bd3 d6 15.
Qf2 Ne6 16.Qxc5 dxc5 17.O-O Bd7 18.Rfd1 Rac8 19.Nf5 Rb8 20.Bf1 Nd4 21.Ne7+
Kh8 22.Ncd5 Be6 23.Nxf6 gxf6 24.Nd5 f5 25.exf5 Bxf5 26.Re1 Nc6 27.Kf2 Rbd8
28.Rcd1 Kg7 29.Ne3 Bg6 30.Rxd8 Rxd8 31.Rd1 Rd4 32.Be2 Nb4 33.a3 Nc2 34.
Nxc2 Bxc2 35.Rc1 Bxb3 36.Rb1 Bxc4 37.Bxc4 Rxc4 38.Rxb7 Rc2+ 39.Kg3 c4 40.
Ra7 e4 41.Rxa6 c3 42.Ra8 e3 43.Re8 Re2 44.Kf4 Ra2 45.Rxe3 Rxa3 46.Re2 Rb3 
47.Ke4 Kf6 48.Rc2 Rb2 49.Kd3 Rb1 50.Kxc3 Rh1 51.g3 h5 52.Kd3 Kg5 53.Ke3 f5
54.h4+ 1-0

[Event "III Weekend Scacchi tra le Torri A"]
[Site "Melegnano ITA"]
[Date "2004.02.14"]
[Round "3"]
[White "Salami, Marco"]
[Black "Martino, Antonio M."]
[Result "1-0"]
[WhiteElo "2172"]
[BlackElo "1968"]
[PlyCount "39"]
[EventDate "2004.02.13"]

1.e4 c5 2.Nf3 d6 3.Bb5+ Bd7 4.Bxd7+ Qxd7 5.O-O Nc6 6.c3 g6 7.d4 cxd4 8.
cxd4 Bg7 9.Nc3 e6 10.d5 Ne5 11.Nxe5 Bxe5 12.dxe6 fxe6 13.f4 Bxc3 14.bxc3 
Nf6 15.Ba3 Nxe4 16.Qd4 Rf8 17.Qxe4 Rc8 18.Qd4 Rc6 19.Rad1 Rf5 20.Bxd6 1-0

[Event "III Weekend Scacchi tra le Torri A"]
[Site "Melegnano ITA"]
[Date "2004.02.14"]
[Round "3"]
[White "Suprani, Alessandro"]
[Black "D'Apa, Matteo"]
[Result "1-0"]
[WhiteElo "1902"]
[BlackElo "1849"]
[PlyCount "71"]
[EventDate "2004.02.13"]

1.Nf3 d5 2.c4 c6 3.b3 Nf6 4.Bb2 g6 5.g3 Bg7 6.Bg2 O-O 7.O-O e6 8.d4 Nbd7 
9.Nbd2 b6 10.Qc2 Bb7 11.b4 Re8 12.c5 bxc5 13.bxc5 Qc7 14.Rfe1 Ng4 15.h3 
Nh6 16.e4 f6 17.Rab1 Nf7 18.Bc3 e5 19.Nb3 dxe4 20.Rxe4 f5 21.Ree1 e4 22.
Nh2 Nf6 23.Nf1 Ng5 24.Ba5 Qd7 25.Qc4+ Kh8 26.Nbd2 Bc8 27.f4 exf3 28.Nxf3 
Rxe1 29.Bxe1 Nxf3+ 30.Bxf3 Ne4 31.Rd1 Bf8 32.Bxe4 fxe4 33.d5 cxd5 34.Rxd5 
Qxh3 35.Bc3+ Kg8 36.Rf5+ 1-0

[Event "III Weekend Scacchi tra le Torri A"]
[Site "Melegnano ITA"]
[Date "2004.02.15"]
[Round "4"]
[White "Aranovitch, Emiliano"]
[Black "Molina, Fabrizio"]
[Result "1/2-1/2"]
[WhiteElo "2300"]
[BlackElo "2243"]
[PlyCount "26"]
[EventDate "2004.02.13"]

1.e4 e6 2.d4 d5 3.Nc3 dxe4 4.Nxe4 Bd7 5.Nf3 Bc6 6.Bd3 Nf6 7.Nxf6+ gxf6 8.
Bf4 Nd7 9.O-O Bd6 10.Be3 Qe7 11.Re1 O-O-O 12.Qe2 Kb8 13.c3 h5 1/2-1/2